Den keyzerlyke hofzot, onder den naem van Silenus bezoekende zynen meester Josephus den II. Op het groot feest der zotten of den vastenavond, uyt het hoog-in Neérduytsch overgebragt en door de Drukpers' gemeyn-gemaekt ter vernoeging van het dierbaer Vaderland. Men onderstelt, dat Silenus deze saemenspraek heéft by-een-gebragt en aen eenen zijner Vrienden in de Nederlanden laeten overmaeken

Detalles Bibliográficos
Formato: Libro
Lenguaje:Undetermined
Dutch
Publicado: s.l. : s.n., 1790.
Materias:
Colección:Banco de datos
Acervo:Biblioteca Palafoxiana. Colección bibliográfica
Descripción Física:16 p. ; 4°
Tema general:Historia civil
Notas:Número de localización: 31831-G
LEADER 00847nam a2200169Ia 4500
008 150723s9999 xx 000 0 und d
041 0 |a dut 
050 0 |a PAFX D20 S3 
245 1 0 |a Den keyzerlyke hofzot, onder den naem van Silenus bezoekende zynen meester Josephus den II. Op het groot feest der zotten of den vastenavond, uyt het hoog-in Neérduytsch overgebragt en door de Drukpers' gemeyn-gemaekt ter vernoeging van het dierbaer Vaderland. Men onderstelt, dat Silenus deze saemenspraek heéft by-een-gebragt en aen eenen zijner Vrienden in de Nederlanden laeten overmaeken 
260 |a s.l. : s.n., 1790. 
300 |a 16 p. ; 4° 
500 |a Número de localización: 31831-G 
501 |a Encuadernado con 16 obras 
650 1 0 |a Historia civil 
942 |c PALALIB 
943 |g Biblioteca Palafoxiana. Colección bibliográfica 
999 |c 1063521  |d 1063521